000 01178nam a22003377a 4500
003 CHAP
005 20220329133839.0
008 971013s1978 r 00010 d
010 _a11721
011 _a12693
035 _a16197
040 _cCHAP
090 _aTesis
100 0 0 _aOsuna Quevedo, Ramón.
_984296
245 _aEfecto de dos fuentes de nitrógeno en el rendimiento húmedo de tubérculos, del cultivoi de papa (Solanum tuberosum L.)
260 _aChapingo, Méx. :
_bEl autor,
_c1978
300 _a50 h. Gráfs. mapa
502 _aTesis (Ing. Agrónomo Especialista en Fitotecnia) -- ENA. Departamento de Fitotecnia
590 _aALEPH
_b10
_c20130110
_lUCH01
_h1229
590 _aBATCH-UPD
_b10
_c20130110
_lUCH01
_h1326
590 _aBATCH-UPD
_b10
_c20130410
_lUCH01
_h0833
590 _aBATCH-UPD
_b10
_c20130914
_lUCH01
_h1839
590 _aCONVERSION
_b10
_c20130109
_lUCH01
_h1308
650 1 4 _aNitrógeno
_xEfecto en papa.
_981453
650 1 4 _aPapa
_xRendimiento.
_985284
901 _aBK
942 _cFOLL
949 _bBC
_cTES
_d-149411
_eTS1
_i16197
_si
949 _bBC
_cTES
_d-149412
_eTS2
_fc.2
_i16197
_si
949 _bS
_cTESBD
_d-28418
_eTS1
_i16197
_si
999 _c11721
_d11721